[Event "DVM U14 2012"]
[Site "Magdeburg GER"]
[Date "2012.12.27"]
[Round "1"]
[White "Heinemann, Josefine"]
[Black "Sawlin, Leonid"]
[Result "1-0"]
[Termination "normal"]
[Board "1.1"]
[WhiteElo "1902"]
[BlackElo "1969"]
[WhiteTeam "USC Magdeburg"]
[BlackTeam "TuS Makkabi Berlin"]
[WhiteFideId "12900460"]
[BlackFideId "4689542"]
[EventCountry "GER"]
[EventRounds "7"]
[EventType "team-swiss"]
[EventDate "2012.12.26"]

1. e4 e6 2. d4 d5 3. Nc3 Nf6 4. e5 Nfd7 5. f4 c5 6. Nf3 Nc6 7. Be3 a6 8. Qd2 b5
9. a3 Be7 10. dxc5 Nxc5 11. b4 Nd7 12. Nd4 Qc7 13. Bd3 Nb6 14. O-O Bb7 15. Qf2
Nc4 16. Nce2 g6 17. c3 Na7 18. Nxe6 fxe6 19. Bxa7 Rxa7 20. Qxa7 Nb6 21. a4 O-O
22. a5 Na4 23. Qd4 Rc8 24. Rac1 Qd8 25. Rf3 Qf8 26. g4 Nc5 27. Bc2 Ne4 28. Qb6
Qf7 29. Nd4 Nc5 30. Kf1 Bd8 31. Qa7 Ne4 32. Nb3 Ng5 33. Rf2 Nh3 34. Nc5 Nxf2
35. Qxb7 Rc7 36. Qb8 Re7 37. Qxd8+ Kg7 38. f5 Nxg4 39. f6+ Nxf6 40. exf6+ Qxf6+
41. Ke2 Qe5+ 42. Be4 Qxh2+ 43. Kd1 Kf7 44. Bd3 Re8 45. Qg5 e5 46. Qd2 Qh5+ 47.
Be2 1-0

[Event "DVM U14 2012"]
[Site "Magdeburg GER"]
[Date "2012.12.27"]
[Round "1"]
[White "Schmidek, Emil"]
[Black "Geue, Niklas"]
[Result "1-0"]
[Termination "normal"]
[Board "1.2"]
[WhiteElo "1882"]
[BlackElo "1531"]
[WhiteTeam "TuS Makkabi Berlin"]
[BlackTeam "USC Magdeburg"]
[WhiteFideId "12908150"]
[BlackFideId "12961043"]
[EventCountry "GER"]
[EventRounds "7"]
[EventType "team-swiss"]
[EventDate "2012.12.26"]

1. e4 e6 2. d4 d5 3. Nc3 dxe4 4. Nxe4 Nd7 5. Bg5 Be7 6. Bxe7 Qxe7 7. Bd3 Ngf6
8. Nf3 Nxe4 9. Bxe4 Nf6 10. Qe2 O-O 11. O-O Qb4 12. c3 Qb6 13. Bd3 Bd7 14. Ne5
Bc6 15. Rfe1 Rad8 16. Qd2 h6 17. h3 a6 18. Rad1 Rfe8 19. Re3 Nh5 20. Qc2 Nf4
21. Bh7+ Kf8 22. Nxc6 Qxc6 23. Rf3 Nd5 24. Be4 Qb6 25. Bxd5 exd5 26. Qh7 Qg6
27. Qxg6 1-0

[Event "DVM U14 2012"]
[Site "Magdeburg GER"]
[Date "2012.12.27"]
[Round "1"]
[White "Wierzbicki, Jirawat"]
[Black "Hoang, Viet Long"]
[Result "1-0"]
[Termination "normal"]
[Board "1.4"]
[WhiteElo "1669"]
[BlackElo "1438"]
[WhiteTeam "TuS Makkabi Berlin"]
[BlackTeam "USC Magdeburg"]
[WhiteFideId "1153579"]
[BlackFideId "12964824"]
[EventCountry "GER"]
[EventRounds "7"]
[EventType "team-swiss"]
[EventDate "2012.12.26"]

1. e4 e5 2. Nf3 Nc6 3. d4 exd4 4. Nxd4 Bc5 5. Nb3 Bb6 6. Nc3 d6 7. Qe2 Be6 8.
Be3 Nf6 9. f3 h6 10. O-O-O Ne5 11. Bxb6 axb6 12. Kb1 c6 13. Qe1 b5 14. f4 Nc4
15. e5 Nd5 16. Nxd5 cxd5 17. exd6 Qxd6 18. f5 Qa6 19. Nc1 O-O 20. fxe6 fxe6 21.
Bxc4 bxc4 22. Rf1 Rfc8 23. Qc3 Rc7 24. Rf3 Qb5 25. Re1 Ra6 26. Rfe3 Re7 27. a3
Rd6 28. Qb4 Qc6 29. Rd1 e5 30. c3 Rdd7 31. g3 Qg6+ 32. Ka2 Qc2 33. Rde1 e4 34.
R3e2 1-0

[Event "DVM U14 2012"]
[Site "Magdeburg GER"]
[Date "2012.12.27"]
[Round "1"]
[White "Sabirov, Ramil"]
[Black "Beeck, Mats"]
[Result "1-0"]
[Termination "normal"]
[Board "2.1"]
[WhiteElo "1877"]
[BlackElo "1794"]
[WhiteTeam "SG Porz"]
[BlackTeam "SK Doppelbauer Kiel"]
[WhiteFideId "12900303"]
[BlackFideId "12936944"]
[EventCountry "GER"]
[EventRounds "7"]
[EventType "team-swiss"]
[EventDate "2012.12.26"]

1. b3 e5 2. Bb2 Nc6 3. e3 Nf6 4. Bb5 Bd6 5. Na3 a6 6. Bxc6 dxc6 7. Nc4 Qe7 8.
d3 O-O 9. Nf3 Nd7 10. e4 Re8 11. O-O b5 12. Ne3 Nf8 13. g3 c5 14. Nh4 Ne6 15.
Nhg2 c6 16. f4 f6 17. Nf5 Qd8 18. Nxd6 Qxd6 19. fxe5 fxe5 20. Qh5 1-0

[Event "DVM U14 2012"]
[Site "Magdeburg GER"]
[Date "2012.12.27"]
[Round "1"]
[White "Wanner, Lukas"]
[Black "Fieberg, Samuel"]
[Result "0-1"]
[Termination "normal"]
[Board "2.2"]
[WhiteElo "1751"]
[BlackElo "1907"]
[WhiteTeam "SK Doppelbauer Kiel"]
[BlackTeam "SG Porz"]
[WhiteFideId "12918148"]
[BlackFideId "12901717"]
[EventCountry "GER"]
[EventRounds "7"]
[EventType "team-swiss"]
[EventDate "2012.12.26"]

1. e4 c5 2. Nf3 d6 3. d4 cxd4 4. Nxd4 Nf6 5. Nc3 a6 6. Be2 e5 7. Nb3 Be7 8. O-O
O-O 9. f4 b5 10. a3 Bb7 11. Qd3 Nbd7 12. Be3 Rc8 13. Rad1 Qc7 14. Kh1 Rfd8 15.
Bf3 Nc5 16. Nxc5 dxc5 17. Qe2 exf4 18. Bc1 Qe5 19. Rfe1 Rxd1 20. Nxd1 c4 21.
Nf2 Bc5 22. Nh3 Re8 23. Bxf4 Qxb2 24. e5 Bxf3 25. Qxf3 Qxc2 26. Rf1 Nd7 27. Ng5
Qf5 28. g4 Qd3 29. Qg2 h6 30. Rf3 Qd5 31. Nh3 Nxe5 32. Bxe5 Rxe5 33. Rf1 Qxg2+
34. Kxg2 Re2+ 35. Kg3 Re3+ 0-1

[Event "DVM U14 2012"]
[Site "Magdeburg GER"]
[Date "2012.12.27"]
[Round "1"]
[White "Brungs, Sven"]
[Black "Petersen, Finn Christopher"]
[Result "1-0"]
[Termination "normal"]
[Board "2.3"]
[WhiteElo "1921"]
[BlackElo "1507"]
[WhiteTeam "SG Porz"]
[BlackTeam "SK Doppelbauer Kiel"]
[WhiteFideId "12946257"]
[BlackFideId "12964840"]
[EventCountry "GER"]
[EventRounds "7"]
[EventType "team-swiss"]
[EventDate "2012.12.26"]

1. d4 Nf6 2. Nf3 g6 3. c4 Bg7 4. Nc3 O-O 5. e4 d6 6. Be2 c5 7. d5 Nbd7 8. O-O
Nb6 9. a3 Qc7 10. h3 Bd7 11. Be3 a6 12. Nd2 e6 13. dxe6 fxe6 14. Nf3 Bc6 15.
Ng5 Qe7 16. Qc2 Rac8 17. Rac1 Nfd7 18. Qd2 Ne5 19. b3 Rfd8 20. Rfd1 Rc7 21.
Bxc5 Nc8 22. Be3 Rcd7 23. Nf3 Nxf3+ 24. Bxf3 e5 25. Bg4 Rc7 26. Nd5 Bxd5 27.
Qxd5+ Kh8 28. c5 h5 29. Be2 Bf6 30. c6 bxc6 31. Rxc6 Rxc6 32. Qxc6 Qd7 33. Qxa6
Ne7 34. Bb5 Qc7 35. Rc1 Qb8 36. a4 1-0

[Event "DVM U14 2012"]
[Site "Magdeburg GER"]
[Date "2012.12.27"]
[Round "1"]
[White "Karlisch, Moritz"]
[Black "Yang, Daniel"]
[Result "1/2-1/2"]
[Termination "normal"]
[Board "2.4"]
[WhiteElo "1294"]
[BlackElo "1576"]
[WhiteTeam "SK Doppelbauer Kiel"]
[BlackTeam "SG Porz"]
[WhiteFideId "12964859"]
[BlackFideId "12946273"]
[EventCountry "GER"]
[EventRounds "7"]
[EventType "team-swiss"]
[EventDate "2012.12.26"]

1. e4 c6 2. d4 d5 3. Nc3 dxe4 4. Nxe4 Nf6 5. Ng5 h6 6. N5f3 Bg4 7. Bc4 e6 8. h3
Bh5 9. Be3 Nbd7 10. Bd3 e5 11. g4 e4 12. gxh5 exd3 13. Qxd3 Nxh5 14. O-O-O Be7
15. Ne2 Qa5 16. Kb1 O-O-O 17. Qb3 Rhf8 18. d5 Nb8 19. dxc6 Nxc6 20. Rxd8+ Bxd8
21. Qc4 Bb6 22. Bxb6 axb6 23. Ned4 Qc5 24. Qxc5 bxc5 25. Nxc6 bxc6 26. Re1 Nf4
27. h4 Kd7 28. Re4 Nd5 29. Ne5+ Kd6 30. Nd3 Nb6 31. b3 f5 32. Re1 Nd5 33. a3
Rb8 34. Kb2 c4 35. Nc1 cxb3 36. cxb3 c5 37. Na2 Nf4 38. Re3 Kd5 39. Kc3 Ra8 40.
a4 Rc8 41. Nc1 c4 42. b4 1/2-1/2

[Event "DVM U14 2012"]
[Site "Magdeburg GER"]
[Date "2012.12.27"]
[Round "1"]
[White "Ridder, David"]
[Black "Greßmann, Moritz"]
[Result "1-0"]
[Termination "normal"]
[Board "3.1"]
[WhiteElo "1582"]
[BlackElo "1853"]
[WhiteTeam "SG Turm Raesfeld/Erle"]
[BlackTeam "BSV 63 Chemie Weißensee"]
[WhiteFideId "12964867"]
[BlackFideId "24695084"]
[EventCountry "GER"]
[EventRounds "7"]
[EventType "team-swiss"]
[EventDate "2012.12.26"]

1. e4 e5 2. Nf3 Nc6 3. Bc4 Nf6 4. d3 Bc5 5. O-O d6 6. h3 O-O 7. c3 a6 8. a4 h6
9. Bb3 Ba7 10. Re1 Nh5 11. Nbd2 Nf4 12. Nf1 Qf6 13. Bxf4 Qxf4 14. Ne3 Bxe3 15.
fxe3 Qg3 16. Kh1 Kh8 17. Rf1 Ne7 18. Qe1 Qxe1 19. Raxe1 Ng6 20. Rf2 f5 21. Ref1
f4 22. exf4 Nxf4 23. Nh4 Kh7 24. g4 g5 25. Ng2 Bd7 26. d4 Kg7 27. Kh2 Nd3 28.
Rf7+ 1-0

[Event "DVM U14 2012"]
[Site "Magdeburg GER"]
[Date "2012.12.27"]
[Round "1"]
[White "Donath, Johann"]
[Black "Tünte, Marcel"]
[Result "1-0"]
[Termination "normal"]
[Board "3.2"]
[WhiteElo "1908"]
[BlackElo "1543"]
[WhiteTeam "BSV 63 Chemie Weißensee"]
[BlackTeam "SG Turm Raesfeld/Erle"]
[WhiteFideId "24685160"]
[BlackFideId "12964875"]
[EventCountry "GER"]
[EventRounds "7"]
[EventType "team-swiss"]
[EventDate "2012.12.26"]

1. e4 e5 2. Nf3 Nc6 3. Bc4 Bc5 4. c3 Qe7 5. O-O d6 6. d3 Nf6 7. Nbd2 O-O 8. h3
Be6 9. Bb3 Nh5 10. Re1 Nf4 11. Nf1 Bxb3 12. axb3 Qf6 13. Be3 Rfd8 14. Ng3 Qg6
15. d4 Bb6 16. Kh2 d5 17. dxe5 dxe4 18. Nd4 Nd3 19. Re2 Ndxe5 20. Nxc6 Rxd1 21.
Ne7+ Kf8 22. Nxg6+ hxg6 23. Rxd1 f5 24. Bxb6 axb6 25. Rd5 Nd3 26. Rd7 Rc8 27.
h4 Nc5 28. Rd1 Nxb3 29. h5 Kf7 30. Rd7+ Kf6 31. f3 Nc5 32. Rd1 exf3 33. gxf3
Rh8 34. Rd5 Ne6 35. Rd7 gxh5 36. Red2 h4 37. Ne2 Ng5 38. R2d3 Ne6 39. b4 g5 40.
Re3 g4 41. Rd5 g3+ 42. Kh1 c6 43. Rd6 1-0

[Event "DVM U14 2012"]
[Site "Magdeburg GER"]
[Date "2012.12.27"]
[Round "1"]
[White "Hoffmann, Fabian"]
[Black "Koch, Elisabeth"]
[Result "0-1"]
[Termination "normal"]
[Board "3.3"]
[WhiteElo "1633"]
[BlackElo "1690"]
[WhiteTeam "SG Turm Raesfeld/Erle"]
[BlackTeam "BSV 63 Chemie Weißensee"]
[WhiteFideId "12964891"]
[BlackFideId "24695068"]
[EventCountry "GER"]
[EventRounds "7"]
[EventType "team-swiss"]
[EventDate "2012.12.26"]

1. e4 e5 2. Nf3 Nc6 3. Bc4 Nf6 4. Ng5 d5 5. exd5 Na5 6. Bb5+ c6 7. dxc6 bxc6 8.
Ba4 h6 9. Nf3 e4 10. Ng1 Bc5 11. Ne2 Ng4 12. Rf1 Qb6 13. d4 exd3 14. Qxd3 Bxf2+
15. Kd1 Be6 16. Bd2 Rd8 17. Qc3 O-O 18. Kc1 Nc4 19. Rd1 Qa6 20. Nf4 Nxd2 21.
Nxe6 fxe6 22. Nxd2 Qxa4 23. Qh3 Ne3 24. Qxe6+ Kh8 0-1

[Event "DVM U14 2012"]
[Site "Magdeburg GER"]
[Date "2012.12.27"]
[Round "1"]
[White "Fabiunke, Jakob"]
[Black "Beckmann, Klaus"]
[Result "1/2-1/2"]
[Termination "normal"]
[Board "3.4"]
[WhiteElo "1491"]
[BlackElo "1465"]
[WhiteTeam "BSV 63 Chemie Weißensee"]
[BlackTeam "SG Turm Raesfeld/Erle"]
[WhiteFideId "24686085"]
[BlackFideId "12964905"]
[EventCountry "GER"]
[EventRounds "7"]
[EventType "team-swiss"]
[EventDate "2012.12.26"]

1. d4 d5 2. c4 e6 3. Nc3 Nf6 4. Bg5 Be7 5. Nf3 O-O 6. e3 h6 7. Bh4 c6 8. Be2
Nbd7 9. O-O b6 10. Rc1 Bb7 11. cxd5 Nxd5 12. Bxe7 Qxe7 13. Nxd5 exd5 14. Qa4 a5
15. a3 Rfc8 16. h3 g6 17. Rc2 Kg7 18. Rfc1 Qd6 19. Qb3 a4 20. Qc3 f6 21. Qd2 h5
1/2-1/2

[Event "DVM U14 2012"]
[Site "Magdeburg GER"]
[Date "2012.12.27"]
[Round "1"]
[White "Scholz, Robert"]
[Black "Renger, Niklas"]
[Result "1/2-1/2"]
[Termination "normal"]
[Board "4.1"]
[WhiteElo "1891"]
[BlackElo "1769"]
[WhiteTeam "USV TU Dresden"]
[BlackTeam "SG Grün-Weiß Dresden"]
[WhiteFideId "1270301"]
[BlackFideId "12908096"]
[EventCountry "GER"]
[EventRounds "7"]
[EventType "team-swiss"]
[EventDate "2012.12.26"]

1. e4 c5 2. Nc3 Nc6 3. Bb5 Nd4 4. Bc4 e6 5. Nge2 Ne7 6. Nxd4 cxd4 7. Ne2 Nc6 8.
d3 Bc5 9. O-O O-O 10. Bd2 a6 11. a4 Ne7 12. Bb3 d5 13. e5 f6 14. exf6 Rxf6 15.
Ng3 Qd6 16. Qe2 Nf5 17. Nxf5 Rxf5 18. Rae1 Bd7 19. f4 Raf8 20. Kh1 Bb6 21. g3
R5f6 22. Qe5 Qc6 23. Bb4 Bc5 24. Bxc5 Qxc5 25. Kg1 Rf5 26. Qe2 Qd6 27. Qg2 Kh8
28. Re5 Qxe5 29. fxe5 Rxf1+ 30. Qxf1 Rxf1+ 31. Kxf1 Kg8 32. Kf2 Kf7 33. Kf3 Kg6
34. Kf4 Kh5 35. c3 g5+ 36. Kf3 dxc3 37. bxc3 Bc6 38. Bd1 Kg6 39. Ke3 Kf7 40.
Kd4 Ke7 41. Kc5 Kd7 42. Kb6 Kd8 43. d4 h6 44. Be2 Kc8 45. Bxa6 Bxa4 46. Bxb7+
Kd7 47. Kc5 Ke7 48. c4 dxc4 49. Kxc4 Bd1 50. Be4 h5 51. h4 gxh4 52. gxh4 Be2+
53. Kc3 Bg4 54. Kd3 Kf7 55. Ke3 Kg7 56. Bf3 Bh3 57. Bxh5 Bf1 58. Be2 Bg2 59.
Bf3 Bf1 60. d5 exd5 61. Bxd5 Bh3 62. Kf4 Bd7 63. Kg5 Bc8 64. h5 Bd7 65. h6+ Kh7
66. Be4+ Kh8 67. Kf6 Be8 68. Ke7 Bb5 69. Kf8 Bd7 70. Bg6 Bf5 71. Kf7 Bd7 72.
Kf6 Kg8 73. Bf5 Be8 74. e6 Bc6 75. Ke7 Bd5 76. Kf6 1/2-1/2

[Event "DVM U14 2012"]
[Site "Magdeburg GER"]
[Date "2012.12.27"]
[Round "1"]
[White "Sack, Carl-Anton"]
[Black "Fuchs, Sebastian"]
[Result "1-0"]
[Termination "normal"]
[Board "4.2"]
[WhiteElo "1446"]
[BlackElo "1673"]
[WhiteTeam "SG Grün-Weiß Dresden"]
[BlackTeam "USV TU Dresden"]
[WhiteFideId "1270309"]
[EventCountry "GER"]
[EventRounds "7"]
[EventType "team-swiss"]
[EventDate "2012.12.26"]

1. e4 e5 2. Nf3 Nc6 3. d4 exd4 4. Nxd4 Bc5 5. Nxc6 Qf6 6. Qd2 Qxc6 7. Nc3 Ne7
8. Bd3 O-O 9. O-O a6 10. Qe2 d6 11. Kh1 b5 12. e5 d5 13. f4 Bb7 14. f5 Rfe8 15.
f6 Ng6 16. Bxg6 hxg6 17. fxg7 Kxg7 18. Bf4 Re6 19. Nd1 Rae8 20. Nf2 Bxf2 21.
Qxf2 Qd7 22. Qh4 Rh8 23. Qg3 Qc6 24. Bg5 Rh7 25. Bf6+ Kg8 26. c3 Kf8 27. Rf4
Ke8 28. Rh4 Rxh4 29. Qxh4 Kd7 30. Qh7 Rxf6 31. exf6 Qxf6 32. Qh3+ Qe6 33. Qxe6+
fxe6 34. h4 Ke7 35. Rf1 e5 36. Kg1 c5 37. Rf2 e4 38. Kf1 Bc8 39. Ke2 d4 40. Rf4
Bb7 41. g4 Bd5 42. cxd4 cxd4 43. b3 a5 44. h5 a4 45. h6 axb3 46. axb3 g5 47.
Rf5 Bxb3 48. h7 Bc4+ 49. Ke1 1-0

[Event "DVM U14 2012"]
[Site "Magdeburg GER"]
[Date "2012.12.27"]
[Round "1"]
[White "Reiche, Niccolò"]
[Black "Michel, Richard"]
[Result "1-0"]
[Termination "normal"]
[Board "4.3"]
[WhiteElo "1671"]
[BlackElo "1596"]
[WhiteTeam "USV TU Dresden"]
[BlackTeam "SG Grün-Weiß Dresden"]
[WhiteFideId "12964778"]
[BlackFideId "1270310"]
[EventCountry "GER"]
[EventRounds "7"]
[EventType "team-swiss"]
[EventDate "2012.12.26"]

1. e4 c5 2. c3 Qa5 3. Nf3 Nc6 4. Bc4 e6 5. O-O Nf6 6. e5 Ng4 7. d4 cxd4 8. cxd4
d6 9. h3 Nh6 10. Bd2 Qc7 11. Bc3 Nxe5 12. Nxe5 dxe5 13. Bb5+ Bd7 14. Bxd7+ Qxd7
15. dxe5 O-O-O 16. Nd2 Kb8 17. a4 Bc5 18. Qf3 Bd4 19. Ne4 Bxc3 20. bxc3 Qd5 21.
Rab1 Nf5 22. c4 Qc6 23. Rb2 Nd4 24. Qe3 Nf5 25. Qf4 Qxc4 26. Rc1 Qxa4 27. Rxb7+
Ka8 28. Rcc7 Rd1+ 29. Kh2 Rd4 30. Qf3 Nh4 31. Qxf7 Qe8 32. Rxa7+ 1-0

[Event "DVM U14 2012"]
[Site "Magdeburg GER"]
[Date "2012.12.27"]
[Round "1"]
[White "Schuler, Max"]
[Black "Birkenheuer, Simon"]
[Result "1-0"]
[Termination "normal"]
[Board "4.4"]
[WhiteElo "1529"]
[BlackElo "1568"]
[WhiteTeam "SG Grün-Weiß Dresden"]
[BlackTeam "USV TU Dresden"]
[WhiteFideId "12964913"]
[BlackFideId "12964786"]
[EventCountry "GER"]
[EventRounds "7"]
[EventType "team-swiss"]
[EventDate "2012.12.26"]

1. e4 e6 2. d4 d5 3. exd5 exd5 4. Nf3 Bd6 5. Bd3 Ne7 6. Bg5 f6 7. Bh4 Bf5 8.
Bg3 c6 9. c3 Qc7 10. Qc2 Bxd3 11. Qxd3 Nd7 12. Nbd2 O-O-O 13. O-O-O Ng6 14. Kb1
Nf4 15. Bxf4 Bxf4 16. h3 Rde8 17. Rde1 g6 18. Rxe8+ Rxe8 19. Re1 Qd8 20. Nf1
Nf8 21. Rxe8 Qxe8 22. Ne3 Ne6 23. g3 Bd6 24. Ng4 Qe7 25. Qe3 Kd7 26. Ngh2 Qf8
27. h4 Qe7 28. Ng4 Qf7 29. Nh6 Qg7 30. Ng4 Qe7 31. Ngh2 Qf7 32. Ng4 Ng7 33. Nh6
Qf8 34. g4 Ne6 35. g5 Bf4 36. Qe2 fxg5 37. hxg5 Nxg5 38. Nxg5 Bxg5 39. Qg4+ Kc7
40. Qxg5 Qxf2 41. Qe7+ Kb6 42. Qg5 Kb5 43. Qc1 Qf8 44. a3 a5 45. Ka2 a4 46. Ng4
Qf3 47. Ne5 Qe2 48. Qb1 Ka5 49. Nd3 b5 50. Nc5 Kb6 51. Qc1 h5 52. Nd7+ Ka6 53.
Ne5 h4 54. Qh1 Qc2 55. Nxc6 Qb3+ 56. Kb1 h3 57. Nb4+ Ka5 58. Nc2 Qc4 59. Qxh3
Qe2 60. Qe3 Qf1+ 61. Qe1 Qd3 62. Kc1 g5 63. Nb4 Qf5 64. Nc6+ Kb6 65. Ne5 g4 66.
Qg3 Ka6 67. Qxg4 Qf1+ 68. Qd1 Qf4+ 69. Kb1 Qe4+ 70. Ka2 Qf5 71. Qd3 Qc8 72.
Qg6+ Ka7 73. Qf7+ Ka6 74. Qxd5 1-0

[Event "DVM U14 2012"]
[Site "Magdeburg GER"]
[Date "2012.12.27"]
[Round "1"]
[White "Oberhofer, Cédric"]
[Black "Flüchter, Gregor"]
[Result "1-0"]
[Termination "normal"]
[Board "5.1"]
[WhiteElo "1849"]
[BlackElo "2007"]
[WhiteTeam "SC Bavaria Regensburg 1881"]
[BlackTeam "Schachfreunde Brackel 1930"]
[WhiteFideId "12941220"]
[BlackFideId "12903396"]
[EventCountry "GER"]
[EventRounds "7"]
[EventType "team-swiss"]
[EventDate "2012.12.26"]

1. e4 c5 2. Nf3 d6 3. d4 cxd4 4. Nxd4 Nf6 5. Nc3 a6 6. f4 e6 7. Be3 Be7 8. Qf3
O-O 9. g4 Qc7 10. g5 Nfd7 11. O-O-O Nc6 12. Bd3 Nc5 13. h4 b5 14. Kb1 Bb7 15.
h5 Rac8 16. g6 fxg6 17. hxg6 h6 18. Qh3 Nxd4 19. Bxd4 e5 20. fxe5 dxe5 21. Be3
Bf6 22. Bxc5 Qxc5 23. Rhf1 Rcd8 24. Ne2 Bc8 25. Qg2 Be6 26. Ng3 Rd4 27. Nh5 Ra4
28. Nxf6+ Rxf6 29. b3 Qa3 30. c3 Ra5 31. Rxf6 gxf6 32. Qc2 Kg7 33. Rg1 Qc5 34.
Rg3 Qb6 35. Qd2 Ra3 36. Rg2 Qa5 37. Rh2 Kxg6 38. Qxh6+ Kf7 39. Qh7+ Ke8 40.
Qg6+ Ke7 41. Rh7+ Kd6 42. Qxf6 Rxa2 43. Qe7+ Kc6 44. Qxe6+ 1-0

[Event "DVM U14 2012"]
[Site "Magdeburg GER"]
[Date "2012.12.27"]
[Round "1"]
[White "Birnkraut, Tim"]
[Black "Dechant, Georg"]
[Result "1-0"]
[Termination "normal"]
[Board "5.2"]
[WhiteElo "1768"]
[BlackElo "1704"]
[WhiteTeam "Schachfreunde Brackel 1930"]
[BlackTeam "SC Bavaria Regensburg 1881"]
[WhiteFideId "24609587"]
[BlackFideId "12956716"]
[EventCountry "GER"]
[EventRounds "7"]
[EventType "team-swiss"]
[EventDate "2012.12.26"]

1. e4 c5 2. c3 d5 3. exd5 Qxd5 4. d4 cxd4 5. cxd4 Nc6 6. Nf3 Nf6 7. Be2 Bf5 8.
Nc3 Qd7 9. d5 Rd8 10. dxc6 Qc7 11. Qa4 bxc6 12. Qf4 Qa5 13. O-O e6 14. Qa4 Qc7
15. Be3 Rd7 16. Bf4 Qb7 17. Ne5 Rc7 18. Nc4 Rc8 19. Bd6 Qa8 20. Rad1 h5 21.
Rfe1 g5 22. Bxf8 Kxf8 23. Nd6 Rc7 24. Nxf5 exf5 25. Qa5 Qb8 26. Qxf5 Kg7 27.
Qxg5+ 1-0

[Event "DVM U14 2012"]
[Site "Magdeburg GER"]
[Date "2012.12.27"]
[Round "1"]
[White "Oberhofer, Marie"]
[Black "Wastian, Jan"]
[Result "0-1"]
[Termination "normal"]
[Board "5.3"]
[WhiteElo "1426"]
[BlackElo "1616"]
[WhiteTeam "SC Bavaria Regensburg 1881"]
[BlackTeam "Schachfreunde Brackel 1930"]
[WhiteFideId "12938165"]
[BlackFideId "12911640"]
[EventCountry "GER"]
[EventRounds "7"]
[EventType "team-swiss"]
[EventDate "2012.12.26"]

1. e4 c6 2. d4 d5 3. Nc3 dxe4 4. Nxe4 Nd7 5. Nf3 Ngf6 6. Nxf6+ Nxf6 7. Bd3 Bg4
8. c3 e6 9. O-O Be7 10. Bg5 O-O 11. Re1 Rc8 12. Qe2 Qa5 13. Qe5 Qb6 14. Nd2 c5
15. Nc4 Qc6 16. Be4 Qd7 17. b3 b5 18. Qg3 Nxe4 19. Rxe4 Bf5 20. Ne5 Qc7 21.
Bxe7 Qxe7 22. Ree1 cxd4 23. cxd4 Rfd8 24. Nf3 h6 25. Rac1 Qa3 26. Rxc8 Rxc8 27.
Qe5 Bg4 28. Qxb5 Bxf3 29. gxf3 Qxa2 30. Qd3 Qa5 31. Re5 Qc7 32. Rc5 Qd7 33.
Rxc8+ Qxc8 34. Kf1 Qc6 35. Ke2 g6 36. Qc4 Qd6 37. h4 Kf8 38. Qc5 Ke7 39. Qxa7+
Kf6 40. Qc5 Qa6+ 41. Ke3 Qa1 42. Qe5+ Ke7 43. Kf4 Qc1+ 44. Qe3 Qh1 45. Kg4 Qg2+
46. Kf4 Qh2+ 47. Kg4 f5# 0-1

[Event "DVM U14 2012"]
[Site "Magdeburg GER"]
[Date "2012.12.27"]
[Round "1"]
[White "Hlopotov, Nikita"]
[Black "Brüll, Elias"]
[Result "1-0"]
[Termination "normal"]
[Board "5.4"]
[WhiteElo "1314"]
[BlackElo "1316"]
[WhiteTeam "Schachfreunde Brackel 1930"]
[BlackTeam "SC Bavaria Regensburg 1881"]
[WhiteFideId "12964794"]
[BlackFideId "12964921"]
[EventCountry "GER"]
[EventRounds "7"]
[EventType "team-swiss"]
[EventDate "2012.12.26"]

1. e4 c5 2. Nf3 d6 3. Bc4 Nf6 4. Nc3 g6 5. O-O Bg7 6. d3 O-O 7. Bf4 Nc6 8. h3
Bd7 9. e5 Nh5 10. Bh2 Nxe5 11. Nxe5 dxe5 12. Re1 e6 13. Bxe5 Qg5 14. Bxg7 Kxg7
15. Ne4 Qe5 16. Ng3 Qg5 17. Nxh5+ gxh5 18. Re3 h4 19. Qd2 Kh8 20. Qc3+ Kg8 21.
Re4 e5 22. Qxe5 Qxe5 23. Rxe5 Rac8 24. Re4 b5 25. Bb3 Kh8 26. c4 Rg8 27. Rxh4
b4 28. Re1 Rce8 29. Rxe8 Rxe8 30. Re4 Rg8 31. Rh4 Re8 32. Kf1 Bc6 33. Rh5 Rg8
34. g3 Bf3 35. Rxc5 Re8 36. Rf5 Be2+ 37. Kg2 Bxd3 38. Rxf7 Re2 39. g4 Be4+ 40.
Kg3 Rxb2 41. f3 Bc6 42. Rxa7 Rb1 43. Rxh7+ Kg8 44. Rh6 Be8 45. c5+ Kg7 46. Rb6
Rc1 47. Rb8 Bc6 48. Rc8 Bb5 49. Bd5 Rg1+ 50. Kh4 Bf1 51. c6 Rh1 52. c7 Rxh3+
53. Kg5 1-0

[Event "DVM U14 2012"]
[Site "Magdeburg GER"]
[Date "2012.12.27"]
[Round "1"]
[White "Altstadt, Karl-Simon"]
[Black "Nicolai, Tim"]
[Result "1/2-1/2"]
[Termination "normal"]
[Board "6.1"]
[WhiteElo "1807"]
[BlackElo "1647"]
[WhiteTeam "USV Volksbank Halle"]
[BlackTeam "SV Empor Erfurt"]
[WhiteFideId "24696676"]
[BlackFideId "12964930"]
[EventCountry "GER"]
[EventRounds "7"]
[EventType "team-swiss"]
[EventDate "2012.12.26"]

1. e4 e5 2. Nf3 Nc6 3. Bc4 Bc5 4. c3 Nf6 5. d3 d6 6. O-O a6 7. Bb3 Bg4 8. h3
Bh5 9. Nbd2 Ba7 10. Re1 Qd7 11. Nf1 h6 12. Be3 g5 13. Bxa7 Nxa7 14. d4 Nc6 15.
dxe5 dxe5 16. Qxd7+ Nxd7 17. g4 Bg6 18. Bd5 O-O-O 19. Bxc6 bxc6 20. Ng3 f6 21.
Nf5 1/2-1/2

[Event "DVM U14 2012"]
[Site "Magdeburg GER"]
[Date "2012.12.27"]
[Round "1"]
[White "Allin, Alexander"]
[Black "Kretzschmar, Arnd"]
[Result "1/2-1/2"]
[Termination "normal"]
[Board "6.2"]
[WhiteElo "1448"]
[BlackElo "1736"]
[WhiteTeam "SV Empor Erfurt"]
[BlackTeam "USV Volksbank Halle"]
[WhiteFideId "12903698"]
[BlackFideId "12914835"]
[EventCountry "GER"]
[EventRounds "7"]
[EventType "team-swiss"]
[EventDate "2012.12.26"]

1. e4 c5 2. Nf3 d6 3. d4 cxd4 4. Nxd4 Nf6 5. Nc3 g6 6. Be3 Bg7 7. f3 O-O 8. Qd2
Nc6 9. O-O-O d5 10. exd5 Nxd5 11. Nxd5 Qxd5 12. Nxc6 Qxc6 13. Bh6 Bf5 14. Bxg7
Kxg7 15. Bd3 Rfd8 16. Qe2 Be6 17. Kb1 a5 18. h4 a4 19. Be4 Qc7 20. a3 Rxd1+ 21.
Rxd1 Ra5 22. Qd3 b6 23. g4 Qc4 24. Qxc4 Bxc4 25. g5 Re5 26. Rd4 1/2-1/2

[Event "DVM U14 2012"]
[Site "Magdeburg GER"]
[Date "2012.12.27"]
[Round "1"]
[White "Schulte, Felix"]
[Black "Sommer, Jan"]
[Result "1-0"]
[Termination "normal"]
[Board "6.3"]
[WhiteElo "1779"]
[BlackElo "1684"]
[WhiteTeam "USV Volksbank Halle"]
[BlackTeam "SV Empor Erfurt"]
[WhiteFideId "12914800"]
[BlackFideId "24690090"]
[EventCountry "GER"]
[EventRounds "7"]
[EventType "team-swiss"]
[EventDate "2012.12.26"]

1. e4 e5 2. Nf3 Nc6 3. Bc4 Bc5 4. c3 Nf6 5. d3 a6 6. O-O d6 7. Bb3 Bg4 8. h3
Bh5 9. Nbd2 Qe7 10. Re1 g5 11. g4 Qd7 12. gxh5 Qxh3 13. Nxg5 Qg3+ 14. Kh1 Ng4
15. fxg3 Nf2+ 16. Kg2 Nxd1 17. Rxd1 f6 18. Ne6 Bb6 19. Nc4 Kd7 20. Nxb6+ cxb6
21. Ng7 Ne7 22. Be6+ Kc7 23. Nf5 Nc6 24. d4 Rae8 25. Bd5 1-0